00898cam a2200313 i 450000100090000000300040000900500170001300800410003001000170007102000180008803500200010604000270012604200080015305000130016108200170017424500930019125000120028426000320029630000180032833600210034633700250036733800230039250000240041550500260043965000350046565000340050070000210053470000290055517974556OSt20221026125805.0131216s2014 stka bd 000 0 eng  a 2013049733 a9789988077242 a(DNLM)101622141 aDNLM/DLCcLCerdadDLC apcc00aRT21.B5300a610.730322300aBlackwell's nursing dictionary. /cEditors: Dawn Freshwater and Sian E. Maslin-Prothero. a2nd ed. aOxford :bBlackwell, c2005 axxi, 754 p. : atext2rdacontent aunmediated2rdamedia avolume2rdacarrier aIncludes appendices aContents: A-Z entries12aMedicinevDictionaryxEnglish.22aNursingvDictionaryxEnglish.1 aFreshwater, Dawn1 aMaslin-Prothero, Sian E.